| 000 | 02007cam a2200373 a 4500 | ||
|---|---|---|---|
| 001 | 13896428 | ||
| 005 | 20250516120132.0 | ||
| 008 | 050311s2006 caua b 001 0 eng d | ||
| 010 | _a 2005923996 | ||
| 020 | _a0534615678 | ||
| 035 | _a(OCoLC)ocm61346571 | ||
| 040 |
_aNMW _cNMW _dBAKER _dDLC |
||
| 042 | _alccopycat | ||
| 050 | 0 | 0 |
_aHV7419.5 _b.M37 2006 |
| 082 | 0 | 0 |
_a364.072 _bMAX |
| 100 | 1 |
_aMaxfield, Michael G. _985588 |
|
| 245 | 1 | 0 |
_aBasics of research methods for criminal justice and criminology / _cMichael G. Maxfield, Earl Babbie. |
| 246 | 3 | 0 | _aCriminal justice and criminology |
| 246 | 3 | 0 | _aResearch methods for criminal justice and criminology |
| 260 |
_aBelmont, CA : _bThomson/Wadsworth, _cc2006. |
||
| 300 |
_axiv, 361 p. : _bill. ; _c24 cm. |
||
| 504 | _aIncludes bibliographical references (p. 342-351) and indexes. | ||
| 505 | 0 | _aCriminal justice and scientific inquiry -- Theory and ethics in criminal justice research -- General issues in research design -- Concepts, operationalization, and measurement -- Experimental and quasi-experimental designs -- Overview of data collection and sampling -- Survey research and other ways of asking questions -- Field research -- Agency records, content analysis, and secondary data -- Evaluation research and policy analysis -- Interpreting data. | |
| 650 | 0 |
_aCriminal justice, Administration of _xResearch _xMethodology. _985589 |
|
| 650 | 0 |
_aCriminology _xResearch _xMethodology. _985590 |
|
| 700 | 1 | _aBabbie, Earl R. | |
| 856 | 4 | 2 |
_3Contributor biographical information _uhttp://www.loc.gov/catdir/enhancements/fy1514/2005923996-b.html |
| 856 | 4 | 2 |
_3Publisher description _uhttp://www.loc.gov/catdir/enhancements/fy1514/2005923996-d.html |
| 856 | 4 | 1 |
_3Table of contents only _uhttp://www.loc.gov/catdir/enhancements/fy1514/2005923996-t.html |
| 906 |
_a7 _bcbc _ccopycat _d2 _eepcn _f20 _gy-gencatlg |
||
| 942 |
_2ddc _cBK |
||
| 999 |
_c613763 _d613763 |
||